| 000 | 00822nam a2200133Ia 4500 | ||
|---|---|---|---|
| 008 | 171212s9999 xx 000 0 und d | ||
| 020 | _a9780833080387 | ||
| 100 | _aRiposo, Jessie;Weichenberg, Guy;Duran, Chelsea Kaihoi;Fox, Bernard;Shelton, William | ||
| 245 |
_cRiposo, Jessie;Weichenberg, Guy;Duran, Chelsea Kaihoi;Fox, Bernard;Shelton, William _aImproving Air Force Enterprise Resource Planning-Enabled Business Transformation |
||
| 260 |
_bRAND Corporation _c2013 |
||
| 650 | _aBusiness | ||
| 650 | _aUnited States. Air Force -- Accounting; United States. Air Force -- Management; United States. Air Force -- Information technology; United States. Air Force -- Data processing; Business logistics -- United States; Reengineering (Management) -- United Stat | ||
| 856 | _uhttp://www.jstor.org/stable/10.7249/j.ctt5hhvgh | ||
| 999 |
_c352184 _d352184 |
||